Výber injektorových horákov pre tehliarske pece. /

Gespeichert in:
Bibliographische Detailangaben
1. Verfasser: Honner, K (Verfasst von)
Format: Manuskript Buch
Veröffentlicht: Bratislava : SVŠT v Bratislave SjF, 1980
Tags: Tag hinzufügen
Keine Tags, Fügen Sie das erste Tag hinzu!

MARC

LEADER 00000ntm a22000003a 4500
001 stu47682
005 20150617225711.0
008 ------s1980----cs----------------------d
040 |a STU  |b slo 
041 0
044 |a cs 
080 |a 666.7.041 
080 |a 533 
080 |a 662.612 
100 1 |a Honner, K  |4 aut 
245 1 |a Výber injektorových horákov pre tehliarske pece. /  |c [aut.] Honner,K 
260 |a Bratislava :  |b SVŠT v Bratislave SjF,  |c 1980 
300 |a 59 s 
996 |b J61124  |c J*61124/HAB.  |l JJSK  |s A  |a 24  |w stu47682_0001